<?xml version="1.0" encoding="UTF-8"?>
<record
    xmlns:xsi="http://www.w3.org/2001/XMLSchema-instance"
    xsi:schemaLocation="http://www.loc.gov/MARC21/slim http://www.loc.gov/standards/marcxml/schema/MARC21slim.xsd"
    xmlns="http://www.loc.gov/MARC21/slim">

  <leader>01743nam a22002537a 4500</leader>
  <controlfield tag="001">3626</controlfield>
  <controlfield tag="003">FISKH</controlfield>
  <controlfield tag="005">20240719111056.0</controlfield>
  <controlfield tag="008">240329b        cb ||||| |||| 00| 0 eng d</controlfield>
  <datafield tag="040" ind1=" " ind2=" ">
    <subfield code="a">FISKH</subfield>
    <subfield code="b">khr </subfield>
    <subfield code="c">FISKH</subfield>
    <subfield code="d">FISKH</subfield>
  </datafield>
  <datafield tag="050" ind1=" " ind2=" ">
    <subfield code="a">PZ7</subfield>
  </datafield>
  <datafield tag="082" ind1=" " ind2=" ">
    <subfield code="a">495.932</subfield>
  </datafield>
  <datafield tag="100" ind1=" " ind2=" ">
    <subfield code="a">Bopha, Oum Tongbotta, Seng </subfield>
  </datafield>
  <datafield tag="245" ind1=" " ind2=" ">
    <subfield code="a">&#x179C;&#x17C1;&#x1799;&#x17D2;&#x1799;&#x17B6;&#x1780;&#x179A;&#x178E;&#x17CD;&#x1781;&#x17D2;&#x1798;&#x17C2;&#x179A; &#x179F;&#x1798;&#x17D2;&#x179A;&#x17B6;&#x1794;&#x17CB;&#x1794;&#x178B;&#x1798;&#x179F;&#x17B7;&#x1780;&#x17D2;&#x179F;&#x17B6; / </subfield>
  </datafield>
  <datafield tag="260" ind1=" " ind2=" ">
    <subfield code="a">&#x1797;&#x17D2;&#x1793;&#x17C6;&#x1796;&#x17C1;&#x1789; : </subfield>
    <subfield code="b">&#x1782;&#x17D2;&#x179A;&#x17B7;&#x17C7;&#x179F;&#x17D2;&#x1790;&#x17B6;&#x1793;&#x1794;&#x17C4;&#x17C7;&#x1796;&#x17BB;&#x1798;&#x17D2;&#x1796;&#x1793;&#x17B7;&#x1784;&#x1785;&#x17C2;&#x1780;&#x1795;&#x17D2;&#x179F;&#x17B6;&#x1799;, </subfield>
    <subfield code="c">2012.</subfield>
  </datafield>
  <datafield tag="300" ind1=" " ind2=" ">
    <subfield code="a">52 pages : </subfield>
    <subfield code="c">21 cm </subfield>
  </datafield>
  <datafield tag="520" ind1=" " ind2=" ">
    <subfield code="a">&#x179F;&#x17C0;&#x179C;&#x1797;&#x17C5;&#x179C;&#x17C1;&#x1799;&#x17D2;&#x1799;&#x17B6;&#x1780;&#x179A;&#x178E;&#x17CD;&#x1790;&#x17D2;&#x1798;&#x17B8;&#x1793;&#x17C1;&#x17C7; &#x178F;&#x17D2;&#x179A;&#x17BC;&#x179C;&#x1794;&#x17B6;&#x1793;&#x178A;&#x1780;&#x179F;&#x17D2;&#x179A;&#x1784;&#x17CB;&#x1785;&#x17C1;&#x1789;&#x1796;&#x17B8;&#x179F;&#x17C0;&#x179C;&#x1797;&#x17C5;&#x1795;&#x17B6;&#x179F;&#x17B6;&#x1781;&#x17D2;&#x1798;&#x17C2;&#x179A;&#x1794;&#x178B;&#x1798;&#x179F;&#x17B7;&#x1780;&#x17D2;&#x179F;&#x17B6;&#x200B; &#x178A;&#x17C2;&#x179B;&#x179F;&#x17D2;&#x179A;&#x1794;&#x1791;&#x17C5;&#x178F;&#x17B6;&#x1798;&#x1780;&#x1798;&#x17D2;&#x1798;&#x179C;&#x17B7;&#x1792;&#x17B8;&#x179F;&#x17B7;&#x1780;&#x17D2;&#x179F;&#x17B6;&#x179A;&#x1790;&#x17D2;&#x1798;&#x17B8;&#x179A;&#x1794;&#x179F;&#x17CB; &#x1780;&#x17D2;&#x179A;&#x179F;&#x17BD;&#x1784;&#x17A2;&#x1794;&#x17CB;&#x179A;&#x17C6; &#x1799;&#x17BB;&#x179C;&#x1787;&#x1793; &#x1793;&#x17B7;&#x1784;&#x1780;&#x17B8;&#x17A1;&#x17B6;&#x17D4; &#x179F;&#x17C0;&#x179C;&#x1797;&#x17C5;&#x1793;&#x17C1;&#x17C7;&#x179A;&#x17C0;&#x1794;&#x1785;&#x17C6;&#x17A1;&#x17BE;&#x1784;&#x178A;&#x17BE;&#x1798;&#x17D2;&#x1794;&#x17B8;&#x1787;&#x17B6;&#x1797;&#x17B6;&#x1796;&#x1784;&#x17B6;&#x1799;&#x179F;&#x17D2;&#x179A;&#x17BD;&#x179B;&#x1793;&#x17C5;&#x1780;&#x17D2;&#x1793;&#x17BB;&#x1784;&#x1780;&#x17B6;&#x179A;&#x179F;&#x17B7;&#x1780;&#x17D2;&#x179F;&#x17B6;&#x179A;&#x179A;&#x17C0;&#x1793;&#x179F;&#x17BC;&#x178F;&#x17D2;&#x179A; &#x1796;&#x17D2;&#x179A;&#x17C4;&#x17C7;&#x1794;&#x17B6;&#x1793;&#x179F;&#x1784;&#x17D2;&#x1781;&#x17C1;&#x1794;&#x1798;&#x17C1;&#x179A;&#x17C0;&#x1793;&#x179F;&#x17C6;&#x1781;&#x17B6;&#x1793;&#x17CB;&#x17CB;&#x17D7;&#x1796;&#x17B8;&#x179F;&#x17C0;&#x179C;&#x1797;&#x17C5;&#x178A;&#x17BE;&#x1798;&#x17D4; </subfield>
  </datafield>
  <datafield tag="520" ind1=" " ind2=" ">
    <subfield code="a">This new grammar textbook is taken from the Khmer Primary School textbook, which is in line with the new curriculum of the Ministry of Education, Youth and Sports. This book is designed to be easy to learn because it summarizes the important lessons from the original book.</subfield>
  </datafield>
  <datafield tag="650" ind1=" " ind2=" ">
    <subfield code="a">&#x179C;&#x17C1;&#x1799;&#x17D2;&#x1799;&#x17B6;&#x1780;&#x179A;&#x178E;&#x17CD; Grammar</subfield>
  </datafield>
  <datafield tag="650" ind1=" " ind2=" ">
    <subfield code="a">Grammar</subfield>
  </datafield>
  <datafield tag="700" ind1=" " ind2=" ">
    <subfield code="a">Tongbotta, Seng </subfield>
    <subfield code="e">Author </subfield>
  </datafield>
  <datafield tag="942" ind1=" " ind2=" ">
    <subfield code="2">ddc</subfield>
    <subfield code="c">KHB</subfield>
    <subfield code="n">0</subfield>
  </datafield>
  <datafield tag="999" ind1=" " ind2=" ">
    <subfield code="c">3626</subfield>
    <subfield code="d">3626</subfield>
  </datafield>
  <datafield tag="952" ind1=" " ind2=" ">
    <subfield code="0">0</subfield>
    <subfield code="1">0</subfield>
    <subfield code="2">ddc</subfield>
    <subfield code="4">0</subfield>
    <subfield code="7">0</subfield>
    <subfield code="8">REF</subfield>
    <subfield code="a">001</subfield>
    <subfield code="b">001</subfield>
    <subfield code="c">OKHR</subfield>
    <subfield code="d">2024-03-29</subfield>
    <subfield code="l">0</subfield>
    <subfield code="o">BOP 495.932 PZ7</subfield>
    <subfield code="p">FISTK03531</subfield>
    <subfield code="r">2024-03-29 14:33:57</subfield>
    <subfield code="t">1</subfield>
    <subfield code="w">2024-03-29</subfield>
    <subfield code="y">KHB</subfield>
  </datafield>
  <datafield tag="952" ind1=" " ind2=" ">
    <subfield code="0">0</subfield>
    <subfield code="1">0</subfield>
    <subfield code="2">ddc</subfield>
    <subfield code="4">0</subfield>
    <subfield code="7">0</subfield>
    <subfield code="8">REF</subfield>
    <subfield code="a">001</subfield>
    <subfield code="b">001</subfield>
    <subfield code="c">OKHR</subfield>
    <subfield code="d">2024-07-18</subfield>
    <subfield code="l">0</subfield>
    <subfield code="o">BOP 495.932 PZ7</subfield>
    <subfield code="p">FISTK03530</subfield>
    <subfield code="r">2024-07-18 14:05:34</subfield>
    <subfield code="t">2</subfield>
    <subfield code="w">2024-03-29</subfield>
    <subfield code="y">KHB</subfield>
  </datafield>
</record>
